Statistics for Top Ten Dog Names

Click here to take the quiz!

General Stats

  • This quiz has been taken 2,566 times
    (2,563 since last reset)
  • The average score is 4 of 20

Answer Stats

Male Dog Names% Correct
Max
60%
Buddy
40%
Jack
34%
Charlie
29%
Daisy
29%
Molly
29%
Lucy
27%
Buster
20%
Bailey
19%
Bailey
19%
Jake
17%
Maggie
17%
Rocky
16%
Sophie
15%
Bear
14%
Chloe
14%
Sadie
14%
Zoe
12%
Ginger
9%
Cody
8%

Score Distribution

Percentile by Number Answered

Percent of People with Each Score

Your Score History

You have not taken this quiz since the last reset